Mesto Košice spúšťa elektronické služby elektronizácia umožní vybavovanie úradných záležitostí z pohodlia domova

Bibliographic Details
Main Author: Hunyadiová, Veronika (Author)
Format: Article
Language:Slovak
PhysicalDescription:Fotogr.
ISSN:1339-7605
Subjects:
Online Access:http://www.kosicednes.sk/koniec-byrokracie-v-kosiciach-uradne-zalezitosti-si-vybavime-konecne-ako-v-21-storoci/

MARC

LEADER 00000nab a2200000 a 4500
001 vtls011425273
003 SK-MaSNL
005 20260303221848.0
008 171108c20150930xo dr| z0 0slo
038 |a KEVKJB 
040 |a KEVKJB  |b slo  |c KEVKJB  |e AACR2 
041 0 |a slo 
044 |a xo  |c SK 
080 |a 35  |2 2001 
100 1 |a Hunyadiová, Veronika  |4 aut  |9 1098228 
245 1 0 |a Mesto Košice spúšťa elektronické služby  |b elektronizácia umožní vybavovanie úradných záležitostí z pohodlia domova  |c Veronika Hunyadiová 
300 |b Fotogr. 
610 1 7 |a Košice (Slovensko).  |b Mesto  |2 kevkjb  |9 33800 
650 0 7 |a elektronizácia  |2 kevkjb  |9 28299 
651 7 |a Košice (Slovensko)  |2 kevkjb  |9 18694 
773 0 |t košice:dnes  |g Roč. 2, č. 186 (30.9.2015), s. 8  |x 1339-7605 
852 |a KEVKJB  |b KIS3GCP 
856 4 1 |u http://www.kosicednes.sk/koniec-byrokracie-v-kosiciach-uradne-zalezitosti-si-vybavime-konecne-ako-v-21-storoci/ 
999 |c 2236628  |d 2238558